Geography Quiz

Random Geography or City Quiz

🍓 Largest City on Mississippi by State Quiz Stats

 Plays Quiz not verified by Sporcle

Score 0/10 Timer 02:00
0 Plays Today
State City % Correct
LouisianaNew Orleans
96.3%
MinnesotaMinneapolis
94.1%
MissouriSt. Louis
93.2%
TennesseeMemphis
90.2%
IowaDavenport
57.3%
WisconsinLa Crosse
36.1%
IllinoisMoline
35.8%
ArkansasWest Memphis
31.7%
MississippiGreenville
16.2%
KentuckyHickman
7.1%

You're not logged in!

Compare scores with friends on all Sporcle quizzes.
OR
Log In

Sporcle TV

Today on Sporcle TV


Watch our educational content, quiz creation guides, and fun videos on Sporcle TV.

Show Comments

Extras

Top Quizzes Today


Score Distribution

Your Account Isn't Verified!

In order to create a playlist on Sporcle, you need to verify the email address you used during registration. Go to your Sporcle Settings to finish the process.

Report this User

Report this user for behavior that violates our Community Guidelines.

Details: